| 000 | 00625cam a2200205 a 4500 | ||
|---|---|---|---|
| 001 | BD-DhSAU 2790 | ||
| 003 | BD-DhSAU | ||
| 005 | 20150202143526.0 | ||
| 008 | 990913s1986 ii a 001 0 eng | ||
| 040 | _aBD-DhSAU | ||
| 082 | 0 | 0 |
_a540 _222 _bJOC |
| 100 | 1 | _aHill, John William, | |
| 245 | 0 | 0 |
_aChemistry and life : _ban introduction to general, organic, and biological chemistry / _cJohn W. Hill & Dorothy M. Feigl |
| 260 |
_aDelhi : _bSurjeet publications ; _cc1986. |
||
| 300 |
_aviii, 672 p.: _bill. , _c24 cm. |
||
| 504 | _aIncludes index. | ||
| 590 | _aIMRAN | ||
| 650 | 0 | _aChemistry. | |
| 700 | 1 | _a Feigl, Dorothy M. | |
| 942 |
_2ddc _cBOOK |
||
| 999 |
_c2790 _d2790 |
||